Israr-e-Khudi : (Record no. 614967)
[ view plain ]
| 000 -LEADER | |
|---|---|
| fixed length control field | 00490nam a22001337a 4500 |
| 020 ## - INTERNATIONAL STANDARD BOOK NUMBER | |
| International Standard Book Number | 9789692383707 |
| 082 ## - DEWEY DECIMAL CLASSIFICATION NUMBER | |
| Classification number | 891.551,IQB |
| 100 ## - MAIN ENTRY--PERSONAL NAME | |
| Personal name | Iqbal, Allama Muhammad |
| 9 (RLIN) | 5789 |
| 245 ## - TITLE STATEMENT | |
| Title | Israr-e-Khudi : |
| Remainder of title | Translated Book (Manzoom Urdu) / |
| Statement of responsibility, etc. | Allama Muhammad Iqbal |
| Medium | Translated by Prof. Muhammad Asghar Ijaz |
| 260 ## - PUBLICATION, DISTRIBUTION, ETC. | |
| Place of publication, distribution, etc. | Rawalpindi |
| Name of publisher, distributor, etc. | Askaria Education System |
| Date of publication, distribution, etc. | 2023 |
| 300 ## - PHYSICAL DESCRIPTION | |
| Extent | 144 p |
| 650 ## - SUBJECT ADDED ENTRY--TOPICAL TERM | |
| Topical term or geographic name entry element | Israr-e-Khudi (Urdu Version) |
| 9 (RLIN) | 130786 |
| 942 ## - ADDED ENTRY ELEMENTS (KOHA) | |
| Source of classification or shelving scheme | |
| Koha item type | Book |
| Classification part | 891.551,IQB |
| Withdrawn status | Lost status | Source of classification or shelving scheme | Damaged status | Not for loan | Permanent Location | Current Location | Shelving location | Date acquired | Full call number | Barcode | Date last seen | Price effective from | Koha item type | Public note | Total Checkouts |
|---|---|---|---|---|---|---|---|---|---|---|---|---|---|---|---|
| Military College of Signals (MCS) | Military College of Signals (MCS) | General Stacks | 09/30/2025 | 891.551,IQB | MCS38932 | 09/30/2025 | 09/30/2025 | Book | Almirah No.66, Shelf No.4 | ||||||
| Military College of Signals (MCS) | Military College of Signals (MCS) | General Stacks | 09/30/2025 | 891.551,IQB | MCS38933 | 09/30/2025 | 09/30/2025 | Book | Almirah No.66, Shelf No.4 | ||||||
| Military College of Signals (MCS) | Military College of Signals (MCS) | General Stacks | 09/30/2025 | 891.551,IQB | MCS38934 | 09/30/2025 | 09/30/2025 | Book | Almirah No.66, Shelf No.4 | ||||||
| Military College of Signals (MCS) | Military College of Signals (MCS) | General Stacks | 09/30/2025 | 891.551,IQB | MCS38935 | 09/30/2025 | 09/30/2025 | Book | Almirah No.66, Shelf No.4 | ||||||
| Military College of Signals (MCS) | Military College of Signals (MCS) | General Stacks | 09/30/2025 | 891.551,IQB | MCS38936 | 09/30/2025 | 09/30/2025 | Book | Almirah No.66, Shelf No.4 |
